It looks like you're offline.
Open Library logo
additional options menu

MARC record from Internet Archive

LEADER: 00814cam 2200253 a 4500
001 91061926
003 DLC
005 19950817071707.8
008 940516s1993 gaua b 001 0 eng d
010 $a 91061926
020 $a1563520761
035 $a(OCoLC)28835489
040 $aNjLaK$cNjLaK$dGAT$dDLC
042 $alccopycat
050 00 $aQL76.5.U62$bM35 1993
082 00 $a636.088/9/09758231$aB$220
100 1 $aMaple, Terry.
245 10 $aZoo man :$binside the zoo revolution /$cTerry L. Maple and Erika F. Archibald.
260 $aAtlanta, Ga. :$bLongstreet Press,$c1993.
300 $axii, 196 p. :$bill. ;$c23 cm.
504 $aIncludes bibliographical references (p. [187]-189) and index.
650 0 $aZoos$zGeorgia$xEmployees$xBiography.
610 20 $aZoo Atlanta$zGeorgia.
700 10 $aArchibald, Erika F.